000 00893nam a2200277 i 4500
001 bg
100 1 _aXU, Jack
245 0 _aPractical C# charts and graphics :
_badvanced chart and graphics programming for Real-World.NET applications /
_cJack Xu.
260 _aPhoenix :
_bUniCAD Publishing,
_c2007.
300 _aXVI, 551 s. :
_brys., wykr. ;
_c24 cm.
490 1 _aC# Application Series
504 _aIndeks.
650 9 _aC#
650 9 _a.NET
650 9 _aGrafika komputerowa
655 _aPodręczniki
830 _aC# Application Series
020 _a9780979372506
040 _cBPK
041 0 _aeng
080 _a004.438:004.92](07)
920 _a978-0-9793725-0-6
942 _cKS
008 s pl f |000 0 pol
999 _c53989
_d53989
856 _uhttp://koha.tu.koszalin.pl/cgi-bin/koha/opac-detail.pl?biblionumber=53989
_yKatalog online BPK